000 00341nam a2200145Ia 4500
008 150201s2006 xx 000 0 und d
082 _a617.6
_bD2006S
100 _aSATHEESH KUMAR
245 _aDENTAL PULSE
250 _a1ST
260 _bSAUNDERS
_aHYDERABAD
_c2006
300 _a1-605
650 _aGENERAL DENTISTRY
942 _2ddc
_cBK
_03
999 _c3528
_d3528